00306nam a2200109 a 4500008004100000050001600041100001900057245005200076260004000128300001900168350000900187120416s1964 ||||||||||||||||| || u aHF 5549 Arg aArgyris, Chris10aIntegrating the individual and the organization aNew YorkbJohn Wiley and Sonsc1964 axii, 330 pages a0.00